The Evil Within - Bosses - Statistics

General Stats
  • This quiz has been taken 25 times
  • The average score is 4 of 9
Answer Stats
Answer % Correct
The Keeper
88%
Laura
76%
The Sadist
65%
Amalgam
41%
Sentinel
35%
Quell
29%
The Dark Keeper
29%
Amalgam Alpha
24%
Shade
24%
No matching quizzes found
Score Distribution
Percent of People with Each Score
Percentile by Number Answered
Your Score History
You have not taken this quiz